000 00420cam a2200169ua 4500
020 _c5.00
041 _aeng
_h
082 _a940
_bVER/EU
100 _aVerma, S.P .
245 _aEurope Between the two World wars and After /
_cS.P.Verma.
_hTextual Documents
260 _aNew Delhi :
_bS.Chand & Sons ,
_c1973.
300 _a92 ; .
365 _a5.00
504 _a
942 _cBK
999 _c328849
_d328849